| 000 | 00364nab a22001097u 4500 | ||
|---|---|---|---|
| 008 | 130520b1981 xxu||||| |||| 00| 0 ita d | ||
| 041 | _aita | ||
| 100 | 1 |
_aBetti, Umberto _912677 |
|
| 245 | 0 | 2 |
_aA proposito degli Acta Synodalia Sacrosancti Concilii Oecumenici Vaticani II _cUmberto Betti |
| 773 | 0 |
_tAntonianum _gV.56,1981,págs. 3-42 _x0003-6064 _wRev37 |
|
| 942 | _cAR | ||
| 999 |
_c329037 _d329037 |
||